Online
Catalog

Los libros de Isabel La Católica : (Record no. 2258)

MARC details
000 -CABECERA
campo de control de longitud fija 00741nam a2200217 a 4500
001 - NÚMERO DE CONTROL
campo de control 000002422
005 - FECHA Y HORA DE LA ÚLTIMA TRANSACCIÓN
campo de control 20200929150208.0
008 - DATOS DE LONGITUD FIJA--INFORMACIÓN GENERAL
campo de control de longitud fija 090702s2004 sp acd 000 0 spa d
020 ## - NÚMERO INTERNACIONAL ESTÁNDAR DEL LIBRO
Número Internacional Estándar del Libro 8493350451
040 ## - FUENTE DE LA CATALOGACIÓN
Centro catalogador/agencia de origen DO-SdBNP
Lengua de catalogación spa
Centro/agencia transcriptor BNPHU
082 ## - NÚMERO DE LA CLASIFICACIÓN DECIMAL DEWEY
Número de clasificación xxx
Número de documento/Ítem R934l
100 1# - ENTRADA PRINCIPAL--NOMBRE DE PERSONA
Nombre de persona Ruiz García, Elisa
9 (RLIN) 7675
245 14 - MENCIÓN DE TÍTULO
Título Los libros de Isabel La Católica :
Resto del título arquelogía de un patrimonio escrito /
Mención de responsabilidad, etc. Elisa Ruiz García.
260 ## - PUBLICACIÓN, DISTRIBUCIÓN, ETC.
Lugar de publicación, distribución, etc. Madrid, :
Nombre del editor, distribuidor, etc. Instituto de Historia del Libro y de la Lectura,
Fecha de publicación, distribución, etc. 2004.
300 ## - DESCRIPCIÓN FÍSICA
Extensión 653 p. :
Otras características físicas il., retrs., diagrama ;
Dimensiones 25 cm.
490 0# - MENCIÓN DE SERIE
Mención de serie Maior
500 ## - NOTA GENERAL
Nota general Incluye índice.
500 ## - NOTA GENERAL
Nota general Incluye notas a pie de páginas.
504 ## - NOTA DE BIBLIOGRAFÍA, ETC.
Nota de bibliografía, etc. Incluye referencias bibliográficas (591-596 p.)
830 #0 - PUNTO DE ACCESO ADICIONAL DE SERIE-TÍTULO UNIFORME
Título uniforme Maior
9 (RLIN) 7671
Holdings
Estado de retiro Estado de pérdida Restricciones de uso No para préstamo Código de colección Localización permanente Ubicación/localización actual Ubicación en estantería Fecha de adquisición Número de inventario Total de préstamos Signatura topográfica completa Código de barras Fecha visto por última vez Precio válido a partir de Tipo de ítem Koha
        Monografías: Libros y Folletos General General En catalogación 02.07.2009 LF1   xxx R934l 2422-10 25.06.2020 25.06.2020 Préstamo en sala

Powered by Koha